Lego Dune Characters - Statistics

General Stats
  • This quiz has been taken 35 times
  • The average score is 6 of 8
Answer Stats
Picture Answer % Correct
Paul Atreides
88%
Baron Harkonnen
75%
Chani
75%
Duncan Idaho
75%
Leto Atreides
75%
Lady Jessica
69%
Gurney Halleck
63%
Liet Kynes
63%
No matching quizzes found
Score Distribution
Percent of People with Each Score
Percentile by Number Answered
Your Score History
You have not taken this quiz